RADIO PRODUCTION (Record no. 8840)

MARC details
000 -LEADER
fixed length control field 00299nam a22001457a 4500
003 - CONTROL NUMBER IDENTIFIER
control field SGT
082 ## - DEWEY DECIMAL CLASSIFICATION NUMBER
Classification number 809
Item number MCL
100 ## - MAIN ENTRY--PERSONAL NAME
Personal name MCLEISH,ROBERT
245 ## - TITLE STATEMENT
Title RADIO PRODUCTION
250 ## - EDITION STATEMENT
Edition statement 6TH
260 ## - PUBLICATION, DISTRIBUTION, ETC. (IMPRINT)
Place of publication, distribution, etc NEW YORK
Name of publisher, distributor, etc FOCAL PRESS
Year of Publication 2016
300 ## - PAGE DESCRIPTION
No. of Pages 418
650 ## - SUBJECT ADDED ENTRY--TOPICAL TERM
Topical term or geographic name as entry element RADIO PRODUCTION
942 ## - ADDED ENTRY ELEMENTS (KOHA)
Source of classification or shelving scheme Dewey Decimal Classification
Koha item type Books

No items available.